Axiomatics /
Guardado en:
| Autor Principal: | |
|---|---|
| Formato: | Libro |
| Idioma: | English French |
| Publicado: |
London :
Routledge & Kegan Paul,
1962.
|
| Series: | Monographs in modern logic
|
| Etiquetas: |
Agregar Etiqueta
Sin Etiquetas, Sea el primero en etiquetar este registro!
|
| LEADER | 00674nam a22001935a 4500 | ||
|---|---|---|---|
| 001 | MAT.inmabb001498 | ||
| 008 | 031124s1962####enk###########000#0#eng#d | ||
| 005 | 20151117131347.0 | ||
| 245 | 1 | 0 | |a Axiomatics / |c by R. Blanché ; translated by G. B. Keene. |
| 260 | |a London : |b Routledge & Kegan Paul, |c 1962. | ||
| 300 | |a v, 65 p. ; |c 18 cm. | ||
| 440 | 0 | |a Monographs in modern logic | |
| 500 | |a Traducción de: L'Axiomatique; incluye sólo los primeros tres de los cinco capítulos del texto de la 2a ed. (1959). | ||
| 510 | 4 | |a MR, |c 26 #1259 | |
| 100 | 1 | |a Blanché, R. | |
| 084 | |a 03A05 |2 msc2000 | ||
| 010 | |a 66021249 | ||
| 041 | 1 | |a eng |h fre | |
| 859 | |h 03 |i B641 |p A-1835 |b BIB. MATEMATICA | ||
